|
|
|
|
| LEADER |
00000naa a2200000uu 4500 |
| 001 |
vtls011088460 |
| 003 |
SK-MaSNL |
| 005 |
20260302105750.0 |
| 008 |
220810|1997 xo |||||||||||||||||cze| |
| 015 |
|
|
|a SNBRA
|
| 035 |
|
|
|a (urnnbn)urn:nbn:sk:snk:ar-a0coe5
|
| 035 |
|
|
|a (uuid)8c631733-0888-4e88-8b60-13a4fd1d181c
|
| 035 |
|
|
|a urn:nbn:sk:snk-aavu7g
|
| 040 |
|
|
|a SNKBUCL
|b slo
|c SNKBUCL
|e AACR2
|
| 041 |
0 |
|
|a cze
|
| 044 |
|
|
|a xo
|c SK
|
| 100 |
1 |
|
|a Janáčová, Dagmar
|4 aut
|9 782999
|
| 245 |
1 |
0 |
|a PROBLÉMY REALIZACE RECYKLAČNÍCH TECHNOLOGIÍ PŘI ZPRACOVÁNÍ TUHÝCH KOŽEDĚLNÝCH ODPADŮ
|c Dagmar Janáčová, Karel Kolomazník, Petr Sáha
|
| 700 |
1 |
|
|a Kolomazník, Karel
|4 aut
|9 391167
|
| 700 |
1 |
|
|a Sáha, Petr
|4 aut
|9 784905
|
| 773 |
0 |
|
|t Technika ochrany prostredia
|d Bratislava : Slovenská technická univerzita, 1997
|g S. 79-81
|z 8022709689
|
| 954 |
|
|
|a odborná, vedecká literatúra cudzojazyčná (svetová)
|2 lita
|
| 958 |
|
|
|a OND
|
| 958 |
|
|
|a article12
|
| 958 |
|
|
|a chapter
|
| 999 |
|
|
|c 1240113
|d 1242043
|